000 01282cam a2200325 a 4500
001 15266315
003 OSt
005 20240618111344.0
008 080418s2009 caua b 001 0 eng
010 _a 2008017670
020 _a9781412916240 (cloth)
020 _a1412916240 (cloth)
035 _a(OCoLC)ocn225852466
035 _a(OCoLC)225852466
_z(OCoLC)191924843
040 _aDLC
_cMUST
_dBAKER
_dBTCTA
_dYDXCP
_dC#P
_dBWX
_dCDX
_dDLC
082 0 0 _a511.3 KAP 2009
100 1 _aKaplan, David,
_d1955-
_917431
245 1 0 _aStructural equation modeling :
_bfoundations and extensions /
_cDavid Kaplan.
250 _a2nd ed.
260 _aLos Angeles :
_bSAGE,
_c2009.
300 _axi, 255 p. :
_bill. ;
_c24 cm.
440 0 _aAdvanced quantitative techniques in the social sciences ;
_v10
_917432
504 _aIncludes bibliographical references (p. 232-244) and index.
650 0 _aSocial sciences
_xMathematical models.
_917434
650 0 _aSocial sciences
_xStatistical methods.
_91219
856 4 1 _3Table of contents only
_uhttp://www.loc.gov/catdir/toc/ecip0816/2008017670.html
906 _a7
_bcbc
_corignew
_d1
_eecip
_f20
_gy-gencatlg
942 _2ddc
_cO_SHELF
999 _c8604
_d8604